000
00207nam a2200097Ia 4500
008
190216s9999||||xx |||||||||||||| ||und||
100
_a
Bhaskaran P
245
0
_a
Orikkel Koodi
260
_b
Null
942
_c
BK
999
_c
24617
_d
24617